| 000 | 00772nam a22002295a 4500 | ||
|---|---|---|---|
| 003 | OSt | ||
| 005 | 20161126142201.0 | ||
| 008 | 161126s2010 ua frb 000 0 ara d | ||
| 015 | _a2010/5250 | ||
| 020 | _a9771785362 | ||
| 040 |
_aEG-ScBUE _bara _cEG-ScBUE |
||
| 082 | 0 | 4 |
_a341 _bش ي و _222 |
| 100 | 1 | _aشيوي، عبد السلام منصور. | |
| 245 | 1 | 2 |
_aالقانون الدولي العام / _cعبد السلام منصور الشيوي. |
| 260 |
_aالقاهرة : _bدار النهضة العربية، _c2010. |
||
| 300 |
_a235 ص. ؛ _c24 سم. |
||
| 504 | _aيشتمل على إرجاعات ببليوجرافية. | ||
| 650 | 7 |
_aالقانون الدولي العام. _2BUEsh |
|
| 651 | _2BUEsh | ||
| 653 |
_bLLAAWW _cNovember2016 |
||
| 942 | _2ddc | ||
| 999 |
_c23336 _d23308 |
||